Statistics for Top 10 American Presidents (Rated by CBS News)

Click here to take the quiz!

General Stats

  • This quiz has been taken 155 times
  • The average score is 7 of 10

Answer Stats

RankPresident% Correct
#1Abraham Lincoln
98%
#2George Washington
98%
#8John F. Kennedy
91%
#7Thomas Jefferson
86%
#5Dwight D. Eisenhower
79%
#9Ronald Reagan
78%
#6Harry Truman
77%
#3Franklin D. Roosevelt
52%
#4Theodore Roosevelt
38%
#10Lyndon B. Johnson
13%

Score Distribution

Percentile by Number Answered

Percent of People with Each Score

Your Score History

You have not taken this quiz